000
00260nam a22001217a 4500
008
170810b xxu||||| |||| 00| 0 eng d
041
_a
eng
080
_a
004
100
_a
35
101
_a
SHKI
245
_a
FUNDAMENTAL ALGORITHMS
_c
ADDISON
942
_2
udc
_c
BK
999
_c
23138
_d
23138